00688nam a2200229Ia 4500003000400000005001700004008004100021020001400062040000700076041000800083082002200091100004600113245003800159250000700197260001700204300001700221365001400238906003900252942001200291999001900303952013600322OSt20230410164243.0210423s2005 xx 000 0 und d a324225024 cAL aeng a658.15223b BESS aBESLEY (Scott);BRIGHAM (Eugene F).985725 aEssentials of managerial finance. a13 aLondonc2005 axxiv,808bPB b2399cINR aEssentials ; finance. ; managerial 2ddccBK c157125d157125 001040708MCOMaSACPGbSACPGd2009-09-23eKnowledge Worldg2399.00l0o658.15 BESSpPG003601r2022-08-24 00:00:00w2021-04-26yBK